Disney mal résumé #2 - Statistiques

Statistiques générales
  • Ce quiz a été pris 324 fois
  • Le résultat moyen est 3 sur 15
Statistiques - réponses
Hint Réponse % Correct
C'est l'histoire d'un sale mioche, cruel et sadique, mais c'est le héros car le méchant c'est le vieux qui n'aime pas les reptiles Peter Pan
48%
C'est l'histoire d'une femme qui a des colocs qui devraient être super riche avec leur métier mais vivent coupés du monde Blanche-neige et les 7 nains
44%
C'est pas l'histoire d'un mec riche qui veut faire plaisir à son fils, mais d'un gars qui est pas mort mais presque Coco
42%
C'est l'histoire d'un petit gars qui va tout faire pour réaliser le métier de ses rêves sans que personne ne le voit Ratatouille
40%
C'est l'histoire d'un acteur qui est à fond dans son rôle, une femme blasée et un enfant bulle Volt, star malgré lui
35%
C'est l'histoire de 3 femmes qui doivent combattre un chanteur qui adore les paillettes La ferme se rebelle
29%
C'est l'histoire d'un mec qui doit empêcher la fin du monde grâce à un cochon Taram et le chaudron Magique
26%
C'est l'histoire de 2 filles qui ne peuvent plus stalker une ado devenue dépressive Vice-Versa
21%
C'est l'histoire d'une fille qui fait un grand voyage pour découvrir le plus grand fan service de tous les temps Les mondes de Ralph 2.0
20%
C'est l'histoire d'un héros qui ne veut garder son spot Le Voyage d'Arlo
12%
C'est l'histoire d'un pharmacien incompétent qui ne reconnait son client que si celui-ci porte un chapeau Phineas et Ferb
12%
C'est 3 frères et sœurs en compétition qui passent leur temps dans la chambre froide de leur resto Les Sorciers de Waverly Place
6%
C'est l'histoire d'un péquenot qui voyage dans le monde entier grâce à un métier alors qu'il n'a aucun diplôme pour l'exercer Cars 2
4%
C'est l'histoire d'un vieux briscard qui retrouve un amour disparu en se baladant avec un nouveau-né totalement perdu Toy Story 4
3%
C'est l'histoire d'une entreprise de livraison face à des pirates Super Baloo
1%
Aucun quiz correspondant
Distribution des résultats
% des personnes avec chaque résultat
Percentile par nombre de réponses
Votre historique - résultats
Vous n’avez pas pris ce quiz